00305nam a2200109Ia 4500008004100000020002200041082001900063100002000082245005700102260002700159300000900186210430s9999 xx 000 0 und d a978-1-56990-417-6 a665.412 K237 I aDavid O. Kazmer aInjection Mold Design Engineering /cDavid O. Kazmer aGermanaybHanserc2007 a423p